[Event "Hokkaido-ch"]
[Site "Sapporo"]
[Date "2020.03.22"]
[Round "4"]
[White "Kikuchi, Daijiro"]
[Black "Takeuchi, Hiroshi"]
[Result "1/2-1/2"]
[WhiteElo "1198"]
[BlackElo "1343"]
[PlyCount "76"]
[EventDate "2020.03.21"]
[EventType "swiss"]
[EventRounds "5"]
[EventCountry "JPN"]
[SourceTitle "CBM 195 Extra"]
[Source "ChessBase"]
[SourceDate "2020.05.31"]
[SourceVersion "1"]
[SourceVersionDate "2020.05.31"]
[SourceQuality "1"]

1. d4 Nf6 2. Bf4 g6 3. Nf3 Bg7 4. Nc3 d6 5. e4 0-0 6. Qd2 Nbd7 7. Bc4 c5 8. 0-0 cxd4 9. Nd5 Nxd5 10. Bxd5 e5 11. Bh6 Nb6 12. Bb3 Bg4 13. Bxg7 Kxg7 14. Ng5 f6 15. f3 fxg5 16. fxg4 Qe7 17. c3 dxc3 18. bxc3 Rad8 19. Rad1 h6 20. g3 Qd7 21. Rxf8 Rxf8 22. Qxd6 Qxd6 23. Rxd6 Rf3 24. Re6 Rxc3 25. Rxe5 Rc1+ 26. Kf2 Rc7 27. Re8 a5 28. Re6 Nc4 29. Bxc4 Rxc4 30. Re7+ Kf6 31. Rxb7 Rxe4 32. Kf3 Re1 33. Ra7 Re5 34. a4 Ke6 35. Ra6+ Kf7 36. Ra7+ Kf6 37. Ra6+ Kf7 38. Ra7+ Kf6 1/2-1/2

[Event "Hokkaido-ch"]
[Site "Sapporo"]
[Date "2020.03.22"]
[Round "5"]
[White "Nakamura, Mitsuru"]
[Black "Kikuchi, Daijiro"]
[Result "0-1"]
[WhiteElo "1325"]
[BlackElo "1198"]
[PlyCount "110"]
[EventDate "2020.03.21"]
[EventType "swiss"]
[EventRounds "5"]
[EventCountry "JPN"]
[SourceTitle "CBM 195 Extra"]
[Source "ChessBase"]
[SourceDate "2020.05.31"]
[SourceVersion "1"]
[SourceVersionDate "2020.05.31"]
[SourceQuality "1"]

1. d4 d5 2. c4 e6 3. Nf3 c5 4. e3 Nc6 5. Nbd2 Nf6 6. b3 cxd4 7. exd4 Bb4 8. Be2 Bc3 9. Rb1 Nxd4 10. Nxd4 Bxd4 11. Bb2 Bxb2 12. Rxb2 0-0 13. 0-0 b6 14. Nf3 Ba6 15. Re1 dxc4 16. Qxd8 Rfxd8 17. bxc4 Rac8 18. Rb4 Ne4 19. Ra4 Nc5 20. Ra3 Rc7 21. h3 f6 22. Rc3 Bb7 23. Bd1 Rcd7 24. Bc2 h6 25. Bg6 e5 26. Bf5 Rd6 27. a3 Nd3 28. Re3 Bxf3 29. Bxd3 Bb7 30. Bg6 Kf8 31. c5 bxc5 32. Rxc5 Ke7 33. Bf5 Rc6 34. Rec3 Rdd6 35. a4 Kd8 36. a5 Kc7 37. Be4 Rxc5 38. Rxc5+ Bc6 39. Bg6 Rd5 40. Rxd5 Bxd5 41. Be8 Kb7 42. Bb5 Kc7 43. g3 Kd6 44. f4 exf4 45. gxf4 Kc5 46. Be2 Kb4 47. a6 Bc4 48. Bxc4 Kxc4 49. Kg2 Kb5 50. Kg3 Kxa6 51. Kg4 g6 52. h4 f5+ 53. Kg3 Kb5 54. Kf3 Kc4 55. Ke3 a5 0-1